00661nam a2200193 a 4500008004100000050001500041100001800056245002900074250001200103260002800115300001500143350000900158650002400167650001600191700001700207995009500224999001700319952013100336120416s1947 ||||||||||||||||| || u aQA 464 Nic aNicholas, T.B10aGeometry of construction a2nd ed. aLondonbMacmillanc1947 a230p.:ill. a0.00 aGeometrical drawing aENGINEERING akeep, Norman D0.00FCBU-MAIN LIBRARY (Kitwe)H1I2.00M1UAVAILABLEZMain Library Open Access Collection c44509d44509 00102lcc4070a001b001cMain Library Open Access Collectiond2022-11-30l0oQA 464 Nicp012675r2022-11-30w2022-11-30y002